zpět

Detail výsledku týmu

R.A.M., Jablonec nad Nisou

Datum a čas kvízu

27.5 Celkem bodů Celkový počet nahraných bodů na tomto kvízu bez doplňovacích otázek.
14. Pořadí na kvízu Konečné umístění týmu na tomto kvízu.

Zaznamenané odpovědi

# Otázka Odpověď Body Výsledky
1. V Praze byl minulý týden na ve... z paluby Titaniku 0
2. Který výrobce nápojů se sídlem... Capri-Sun 0
3. Která 45letá česká herečka se... Anna Polívková 1
4. Minulý týden byla ve Veverskýc... pomocí SMS 0
5. Uveďte jména vítězů mužské a ž... Jannik Sinner, Aryna Sabalenka 1
6. Který velmi rozlehlý stát byl... Austrálie 0
7. Panovník jisté africké země za... Svazijsko/Svazijské království 0
8. Napište bývalý název Bratislav... Prešpurk/Prešporok/Prešporek; 1919 (1914–1924) 0
9. Když Portugalci objevili jistý... Tchaj-wan 0
10. Zhruba rok po vyhlazení českýc... o Panamu 1